Измерение зазоров в двухслойных разнотолщинных конструкциях; Приборы и системы. Управление, контроль, диагностика; № 8

Bibliographic Details
Parent link:Приборы и системы. Управление, контроль, диагностика: научно-технический и производственный журнал.— , 2000-
№ 8.— 2004.— С. 58-60
Main Author: Сазонов Ю. И.
Other Authors: Силкин В. Я.
Language:Russian
Published: 2004
Series:Измерения, контроль, диагностика
Subjects:
Format: Book Chapter
KOHA link:https://koha.lib.tpu.ru/cgi-bin/koha/opac-detail.pl?biblionumber=393763

MARC

LEADER 00000naa2a2200000 4500
001 393763
005 20231101064428.0
035 |a (RuTPU)RU\TPU\prd\30053 
090 |a 393763 
100 |a 20041117a2004 k y0rusy50 ca 
101 0 |a rus 
102 |a RU 
200 1 |a Измерение зазоров в двухслойных разнотолщинных конструкциях   |f Ю. И. Сазонов, В. Я. Силкин 
225 1 |a Измерения, контроль, диагностика 
320 |a Библиогр.: 7 назв. 
461 1 |0 (RuTPU)RU\TPU\prd\1687  |t Приборы и системы. Управление, контроль, диагностика  |o научно-технический и производственный журнал  |d 2000- 
463 1 |0 (RuTPU)RU\TPU\prd\28767  |t № 8  |v С. 58-60  |d 2004 
610 1 |a измерение зазоров 
610 1 |a измерения 
610 1 |a конструкции 
610 1 |a аэрокосмическое машиностроение 
610 1 |a рентгенографический метод 
610 1 |a электромагнитный метод 
700 1 |a Сазонов  |b Ю. И. 
701 1 |a Силкин  |b В. Я. 
801 1 |a RU  |b 63413507  |c 20041117  |g PSBO 
801 2 |a RU  |b 63413507  |c 20121009  |g RCR 
942 |c BK